LIBRARY & INFORMATION CENTRE, KCAET, TAVANUR

ONLINE PUBLIC ACCESS CATALOGUE (OPAC)

Space, time, gravitation: An outline of the general relativity theory / (Record no. 8775)

MARC details
000 -LEADER
fixed length control field 00473cam a2200169ua 4500
041 ## - LANGUAGE CODE
Language code of text/sound track or separate title eng
082 ## - DEWEY DECIMAL CLASSIFICATION NUMBER
Classification number 530.11
Item number EDD/SP
100 ## - MAIN ENTRY--AUTHOR NAME
Personal name Eddington, Sir Arthur .
245 ## - TITLE STATEMENT
Title Space, time, gravitation: An outline of the general relativity theory /
260 ## - PUBLICATION, DISTRIBUTION, ETC. (IMPRINT)
Place of publication Cambridge :
Name of publisher University Press ,
Year of publication 1959.
300 ## - PHYSICAL DESCRIPTION
Number of Pages 218 ; .
942 ## - ADDED ENTRY ELEMENTS (KOHA)
Koha item type Books
Holdings
Withdrawn status Lost status Damaged status Home library Current library Date acquired Full call number Accession Number Koha item type
      KAUAET KAUAET 07/04/2012 530.11 EDD/SP 5486 Books
free website counter